000 01308nam a2200337 i 4500
001 000039135
003 DO-SdBNP
005 20251104113514.0
007 ta
008 130527s2013 dr ad 000 0 spa d
020 _a9789945074819
040 _aDO-SdBNP
_bspa
_cBNPHU
_erda
082 4 _a332.497293
_bS232f
_222
100 1 _aSantana, Ruddy
_eautor
_965338
245 1 0 _aFinancial reform, monetary policy and banking crisis in Dominican Republic /
_cRuddy Santana.
264 4 _aSanto Domingo :
_bArchivo General de la Nación,
_c©2013.
300 _a277 páginas :
_bilustraciones, gráficas, tablas
_c24 cm.
336 _2rdacontent
_atexto
_btxt
337 _2rdamedia
_asin mediación
_bn
338 _2rdacarrier
_avolumen
_bnc
490 0 _aArchivo General de la Nación ;
_v189
500 _aIncluye referencias bibliográficas y notas al pie de las páginas
500 _aIncluye datos biográficos del autor en la solapa de la cubierta
500 _aPresentada originalmente como tesis (doctoral) del autor - New School University, 2005.
504 _aBibliografía : p. 249 - 267
590 _aInventariado, 2023/BT
650 0 _aPolítica monetaria
_930588
650 4 _aPolítica monetaria
_zRepública Dominicana
_95998
910 _aBT/Validado, 2024/MFF
942 _2ddc
_cLBS1
999 _c38625
_d38625